Vestida para matar = Dressed to Kill /

El largometraje número 13 dirigido por el cineasta norteamericano Brian de Palma, cuyo relato gira en torno al espeluznante asesinato de una atractiva mujer madura en Manhattan. Su psiquiatra, el inteligente hijo adolescente de la muerta y una prostituta que atestiguó el crimen intentan reconstruir...

Бүрэн тодорхойлолт

-д хадгалсан:
Номзүйн дэлгэрэнгүй
Үндсэн зохиолч: Palma, Brian de (realización)
Бусад зохиолчид: Palma, Brian de (guión) (guión), Bode, Ralf D. (fotógrafo) (fotógrafo), Jones, Gary (vestuario) (vestuario), Roth, Ann (vestuario) (vestuario), Greenberg, Gerald B. (montaje) (montaje), Donaggio, Pino (música) (música), Caine, Michael (actuación) (actuación), Dickinson, Angie (actuación) (actuación), Allen, Nancy (actuación) (actuación), Bouzereau, Laurent (realización) (realización), Bouzereau, Laurent (guión) (guión), Freedland, Francis (fotógrafo) (fotógrafo), Osment, Michael (fotógrafo) (fotógrafo), Siegel, Ron (fotógrafo) (fotógrafo), Pickett, Jeff (montaje) (montaje)
Формат: Гулсуулах
Хэл сонгох:англи
Хэвлэсэн: EUA : Cinema 77 Films, 1980-2001
Нөхцлүүд:
Шошгууд: Шошго нэмэх
Шошго байхгүй, Энэхүү баримтыг шошголох эхний хүн болох!

MARC

LEADER 00000ngm^a2200000^a^4500
001 000183587
005 20251020000000.0
009 20260310102044.899
020 |a 0-7928-5045-9 
037 |a Acervo ITESO - Biblioteca 
041 |a ING 
082 |a 810.  |b PAL 
100 |a Palma, Brian de  |e (realización) 
240 1 1 |a [Vestida para matar] 
240 1 5 |a [The Making of Dressed to Kill] 
240 1 1 |a [Slashing Dressed to Kill] 
240 1 1 |a [Dressed to Kill: An Appreciation by Keith Gordon] 
245 1 0 |a Vestida para matar =  |b Dressed to Kill /  |c Realización de B. de Palma. 
246 2 |a Título en la cubierta: Dressed to Kill 
246 2 |a Título en la pantalla: Vestida para matar 
264 1 |a EUA :  |b Cinema 77 Films,  |c 1980-2001 
264 2 |a Santa Mónica, EUA :  |b Metro-Goldwyn-Mayer [distribución],  |c 2001, c2001 
300 |a 1 DVD región 1 (105, 105, 44, 10, 6 min.) :  |b color +  |e 1 díptico 
336 |a imagen móvil bidimensional  |b tdi  |2 rdacontenido 
337 |a video  |b v  |2 rdamedio 
338 |a videodisco  |b vd  |2 rdasoporte 
520 |a El largometraje número 13 dirigido por el cineasta norteamericano Brian de Palma, cuyo relato gira en torno al espeluznante asesinato de una atractiva mujer madura en Manhattan. Su psiquiatra, el inteligente hijo adolescente de la muerta y una prostituta que atestiguó el crimen intentan reconstruir los sucesos, mientras el asesino permanece en libertad. Con sus escenas magistrales, voluptuosa fotografía y apasionada música, este thriller explícitamente erótico es impulsado por las actuaciones vívidas de Angie Dickinson, entonces en uno de sus momentos de mayor popularidad por la serie La mujer policía (1974-78), Michael Caine y Nancy Allen. Uno de los títulos más conocidos de la filmografía de su director. 
520 |a Suplementos y características especiales (en inglés, sin subtítulos o traducción, a menos que sea anotada otra especificación): 1) Opción de reproducir la versión exhibida en las salas de cine (100 min. 24 seg.) o la opción sin calificación (100 min. 52 seg.), preferida por De Palma y ligeramente más larga, de la película (en inglés, con subtítulos opcionales: español, francés); 2-4) The Making of Dressed to Kill (44 min., 2001), Slashing Dressed to Kill (10 min., 2001) y Dressed to Kill: An Appreciation by Keith Gordon (6 min., 2001), tres reportajes retrospectivos sobre la producción de la cinta; 5) A Film Comparison: The 3 Versions of Dressed to Kill [Una comparación fílmica: las 3 versiones de Vestida para matar], una demostración del corte exhibido en salas, el corte sin calificación –la película corría el riesgo de recibir la estigmatizadora etiqueta "X"- y la versión transmitida por televisión; 6) Avance cinematográfico original (2 min.); 7) Galería fotográfica animada (6 min.); 8) Galería publicitaria, formada por anuncios impresos, carteles internacionales, propuestas para el cartel y "lobby cards" empleados en la promoción de la película y 9) Folleto con notas de producción. 
546 |a En inglés, con subtítulos opcionales: español, francés 
546 |a Doblaje opcional: francés 
649 |a XX 
650 |a Cineastas Norteamericanos 
650 |a Travestis en el Cine 
650 |a Psiquiatras en el Cine 
650 |a Asesinos en Serie en el Cine 
650 |a Enfermos Mentales en el Cine 
650 |a Mujeres en el Cine 
650 |a Erotismo en el Cine 
650 |a Películas Policíacas 
650 |a Películas de Suspenso y Terror 
650 |a Making Of (Documentales detrás de Cámaras) 
650 |a Censura -  |z EUA -  |x Historia -  |y 1977-1981 
650 |a Cine Gay y Lésbico -  |z EUA 
650 |a Cine Independiente -  |z EUA 
650 |a Cine Norteamericano -  |y 1980-1989 
650 |a Cine Norteamericano -  |y Siglo XX 
650 |a Cine Norteamericano -  |x Historia y Crítica 
650 |a Travestismo 
650 |a Identidad de Género -  |x Tema Principal 
650 |a Sexualidad 
650 |a Asesinato 
650 |a Trastorno de Identidad Disociativa -  |x Tema Principal 
650 |a Trastornos de la Personalidad 
650 |a Psicopatología 
650 |a Nueva York, EUA en el Cine 
650 |a Palma, Brian de 
740 4 |a The Making of Dressed to Kill /  |c Realización de L. Bouzereau. 
740 0 |a Slashing Dressed to Kill /  |c Realización de L. Bouzereau. 
740 0 |a Dressed to Kill :  |b An Appreciation by Keith Gordon /  |c Realización de L. Bouzereau. 
700 |a Palma, Brian de  |e (guión) 
700 |a Bode, Ralf D.  |e (fotógrafo) 
700 |a Jones, Gary  |e (vestuario) 
700 |a Roth, Ann  |e (vestuario) 
700 |a Greenberg, Gerald B.  |e (montaje) 
700 |a Donaggio, Pino  |e (música) 
700 |a Caine, Michael  |e (actuación) 
700 |a Dickinson, Angie  |e (actuación) 
700 |a Allen, Nancy  |e (actuación) 
700 |a Bouzereau, Laurent  |e (realización) 
700 |a Bouzereau, Laurent  |e (guión) 
700 |a Freedland, Francis  |e (fotógrafo) 
700 |a Osment, Michael  |e (fotógrafo) 
700 |a Siegel, Ron  |e (fotógrafo) 
700 |a Pickett, Jeff  |e (montaje) 
910 |a Fondo General 
920 |a Audiovisuales - DVDs 
940 |a Películas 
905 |a 302 
901 |a 0500088656  |b IT2  |c DVS  |u 20250521 
901 |a 0500088661  |b IT2  |c MIN  |u 20251020 
902 |a https://opac.biblio.iteso.mx/vufind/Record/000183587